Gentilé des départements d'Ile de France - Statistiques

Statistiques générales
  • Ce quiz a été pris 25 fois
  • Le résultat moyen est 3 sur 8
Statistiques - réponses
Hint Réponse % Correct
Paris Parisiens
100%
Yvelines Yvelinois
48%
Seine-et-Marne Seine-et-Marnais
38%
Val-de-Marne Val-de-Marnais
38%
Essonne Essoniens
33%
Val-d'Oise Val-d'Oisiens
33%
Hauts-de-Seine Altoséquanais
14%
Saint-Saint-Denis Séquano-Dionysiens
5%
Aucun quiz correspondant
Distribution des résultats
% des personnes avec chaque résultat
Percentile par nombre de réponses
Votre historique - résultats
Vous n’avez pas pris ce quiz